LEADER 00851nam0-22002891i-450- 001 990004919950403321 005 19990530 010 $a3-500-30000-6 035 $a000491995 035 $aFED01000491995 035 $a(Aleph)000491995FED01 035 $a000491995 100 $a19990530g19759999km-y0itay50------ba 101 0 $aita 105 $ay-------001yy 200 1 $aGoethes Mahomet und Prometheus$fFranz Saran 210 $aWalluf , Nendeln$cM. SSndig Reprint$d1975. 215 $aXIX, 136 p.$d22 cm 225 1 $aBausteine zur Geschichte der neueren deutschen Literatur$v13 700 1$aSaran,$bFranz$0197251 801 0$aIT$bUNINA$gRICA$2UNIMARC 901 $aBK 912 $a990004919950403321 952 $aALPHA 4533 (13)$bFil. Mod. 35684$fFLFBC 959 $aFLFBC 996 $aGoethes Mahomet und Prometheus$9523135 997 $aUNINA LEADER 01106nam2 22002893i 450 001 UR10002503 005 20251003044432.0 100 $a20250512d1983 ||||0itac50 ba 101 | $aita 102 $ait 181 1$6z01$ai $bxxxe 182 1$6z01$an 183 1$6z01$anc$2RDAcarrier 200 1 $aˆ1: Lo ‰schema teorico e le qualificazioni$fEnzo Cardi 210 $aRimini$cMaggioli$d1983 215 $a218 p.$d24 cm. 461 1$1001CFI0015039$12001 $aˆLa ‰manifestazione di interessi nei procedimenti amministrativi$fEnzo Cardi$v1 606 $aProcedimento amministrativo$2FIR$3CFIC002420$9E 676 $a342.45066$9PROCEDIMENTO AMMINISTRATIVO. ITALIA$v23 700 1$aCardi$b, Enzo$f <1950- >$3CFIV009726$4070$0115762 801 3$aIT$bIT-000000$c20250512 850 $aIT-BN0095 912 $aUR10002503 950 2$aBiblioteca Centralizzata di Ateneo$cv. 1$d 01D (AR) 1 802$e 01AR 0070018025 VMA A4(0001 v. 1$fY $h20250611$i20250611 977 $a 01 996 $aSchema teorico e le qualificazioni$94386268 997 $aUNISANNIO